[Event "13th Poti Nana Aleksandria Cup"]
[Site "Poti"]
[Date "2018.07.17"]
[Round "6"]
[White "Matevosyan, Sedrak"]
[Black "Yeritsyan, Hayk"]
[Result "1/2-1/2"]
[WhiteElo "2161"]
[BlackElo "2178"]
[Annotator "NA"]
[PlyCount "143"]
[EventDate "2018.07.13"]
[EventType "swiss"]
[EventCountry "GEO"]
[SourceTitle "playchess.com"]
[Source "ChessBase"]
[SourceQuality "1"]
[TimeControl "40/5400+30:1800+30"]

1. Nf3 {[%emt 0:00:00]} Nf6 {[%emt 0:00:00]} 2. c4 {[%emt 0:00:00]} g6 {[%emt 0:00:18]} 3. Nc3 {[%emt 0:00:00]} Bg7 {[%emt 0:00:06]} 4. d4 {[%emt 0:00:26]} O-O {[%emt 0:00:09] LiveBook: 11846 Partien} 5. e4 {[%emt 0:00:06]} d6 6. Be2 {[%emt 0:00:07]} e5 {[%emt 0:00:13]} 7. O-O {[%emt 0:00:13]} Nc6 {[%emt 0:00:05]} 8. d5 {[%emt 0:00:08]} Ne7 {[%emt 0:00:06]} 9. a4 {[%emt 0:00:48]} a5 {[%emt 0:00:24]} 10. Ne1 {[%emt 0:00:19]} Nd7 {[%emt 0:03:05]} 11. Nd3 {[%emt 0:00:54]} f5 {[%emt 0:00:24]} 12. f3 {[%emt 0:00:10]} c5 {[%emt 0:11:32] E97: Königsindisch (Klassisches System)} 13. f4 {[%emt 0:23:31]} exf4 {[%emt 0:13:28]} 14. Nxf4 {[%emt 0:04:31] [#]} Nf6 $146 {[%emt 0:02:47]} ({Vorgänger:} 14... Bxc3 15. bxc3 Ne5 16. Nd3 Nf7 17. Bf3 fxe4 18. Bxe4 Bf5 19. Bxf5 Nxf5 20. Nf4 {½-½ (45) Can,E (2542)-Granda Zuniga,J (2685) Sitges 2015}) 15. exf5 {[%emt 0:11:18]} Nxf5 {[%emt 0:01:51]} 16. Nb5 {[%emt 0:02:58]} Re8 {[%emt 0:12:25]} 17. Ra3 {[%emt 0:00:22]} Ne4 {[%emt 0:03:06]} 18. Bg4 {[%emt 0:10:44]} Be5 {[%emt 0:14:29] [#]} ({Black should play} 18... Re5 $1 $14) 19. Ne6 $1 {[%emt 0:06:26]} Bxe6 {[%emt 0:01:15]} 20. dxe6 {[%emt 0:00:07]} Nd4 {[%emt 0:00:45] [#]} 21. Nxd4 $1 {[%emt 0:10:46]} cxd4 {[%emt 0:05:24]} (21... Bxd4+ $142 22. Be3 Be5) 22. Qf3 {[%emt 0:06:25]} Nf6 {[%emt 0:03:35]} 23. Bg5 {[%emt 0:02:23]} Rf8 {[%emt 0:00:08]} 24. Bh3 {[%emt 0:06:55]} Qc7 {[%emt 0:01:46]} 25. g3 {[%emt 0:05:08]} Kg7 {[%emt 0:07:27]} 26. Rb3 {[%emt 0:03:47]} Rab8 {[%emt 0:00:28]} 27. Qe2 {[%emt 0:01:00]} h6 {[%emt 0:02:26]} 28. Bc1 {[%emt 0:00:47]} Ng8 {[%emt 0:01:47]} 29. Rbf3 {[%emt 0:00:42]} Rxf3 {[%emt 0:00:06]} 30. Qxf3 {[%emt 0:00:15]} Bf6 {[%emt 0:01:48]} (30... Nf6 $142) 31. b3 {[%emt 0:00:30]} Rf8 {[%emt 0:00:36]} 32. Bb2 {[%emt 0:01:15]} Ne7 {[%emt 0:00:15]} 33. Qe4 {[%emt 0:01:12]} Nc6 {[%emt 0:00:17]} 34. Rd1 {[%emt 0:00:38]} (34. Ba3 $14) 34... Be5 {[%emt 0:01:18]} (34... Qb6 $11 35. Rd3 Qc5) 35. Bc1 {[%emt 0:01:13]} Qe7 {[%emt 0:01:01]} 36. Bd2 {[%emt 0:00:33]} Rf6 {[%emt 0:06:18]} 37. Qh4 {[%emt 0:00:39]} g5 {[%emt 0:00:03]} 38. Qg4 {[%emt 0:00:14]} Nd8 {[%emt 0:01:05]} 39. Bxa5 {[%emt 0:01:04]} Nxe6 {[%emt 0:00:05]} 40. Bg2 {[%emt 0:00:00]} Nc5 {[%emt 0:00:00]} 41. h4 {[%emt 0:09:08]} Qe6 {[%emt 0:15:01]} 42. Qxe6 {[%emt 0:05:09]} Rxe6 {[%emt 0:00:04]} 43. Bb6 {[%emt 0:02:37]} Bxg3 {[%emt 0:04:45]} 44. b4 {[%emt 0:03:22]} Nxa4 {[%emt 0:00:05]} 45. Bxd4+ {[%emt 0:00:06]} Be5 {[%emt 0:00:46]} 46. Bxb7 {[%emt 0:01:48]} Nc3 {[%emt 0:00:52]} 47. Bxe5+ {[%emt 0:00:16]} dxe5 {[%emt 0:00:15]} 48. Rd7+ {[%emt 0:00:11]} Kf6 {[%emt 0:00:19]} 49. hxg5+ {[%emt 0:00:38]} Kxg5 {[%emt 0:00:08] [#]} 50. Rd3 {[%emt 0:05:23]} (50. c5 $1 $16) 50... Ne2+ {[%emt 0:02:29]} 51. Kf2 {[%emt 0:00:10]} Nd4 {[%emt 0:00:12]} 52. c5 {[%emt 0:00:52]} (52. Rg3+ $16 Kh4 53. b5) 52... Kf4 {[%emt 0:00:52]} 53. Rh3 {[%emt 0:03:53]} Rf6 {[%emt 0:03:13]} 54. Rc3 {[%emt 0:01:19]} e4 {[%emt 0:01:11]} 55. c6 $11 {[%emt 0:01:37]} e3+ {[%emt 0:01:18]} 56. Rxe3 {[%emt 0:00:18]} Kg4+ {[%emt 0:00:16]} 57. Kg2 {[%emt 0:00:15]} Nxc6 {[%emt 0:00:11]} 58. Rg3+ {[%emt 0:02:25]} Kh4 {[%emt 0:00:13]} 59. Rh3+ {[%emt 0:00:27]} Kg5 {[%emt 0:00:17]} 60. Rg3+ {[%emt 0:00:08]} Kh4 {[%emt 0:00:05]} 61. Rc3 {[%emt 0:00:51]} Ne5 {[%emt 0:01:49]} 62. b5 {[%emt 0:00:58]} Kg4 {[%emt 0:00:31]} 63. Bc8+ {[%emt 0:00:20]} Kf4 {[%emt 0:00:22]} 64. Rb3 {[%emt 0:00:23]} Rb6 {[%emt 0:00:22]} 65. Rb4+ {[%emt 0:00:17]} Ke3 {[%emt 0:00:09]} 66. Bf5 {[%emt 0:00:32]} Kd2 {[%emt 0:00:34]} 67. Kg3 {[%emt 0:00:37]} Kc3 {[%emt 0:00:40]} 68. Rb1 {[%emt 0:00:05]} Nc4 {[%emt 0:00:21]} 69. Bd7 {[%emt 0:01:09]} Na3 {[%emt 0:00:25]} 70. Rc1+ {[%emt 0:00:21]} Kb4 {[%emt 0:00:43]} 71. Kf4 {[%emt 0:00:32]} Nxb5 {[%emt 0:00:14]} 72. Rb1+ {[%emt 0:00:12]} 1/2-1/2

[Event "13th Poti Nana Aleksandria Cup"]
[Site "Poti"]
[Date "2018.07.17"]
[Round "6"]
[White "Eynullayev, Altay"]
[Black "Pshmahov, Osman"]
[Result "1-0"]
[WhiteElo "2134"]
[BlackElo "2136"]
[Annotator "NA"]
[PlyCount "89"]
[EventDate "2018.07.13"]
[EventType "swiss"]
[EventCountry "GEO"]
[SourceTitle "playchess.com"]
[Source "ChessBase"]
[SourceQuality "1"]
[TimeControl "40/5400+30:1800+30"]

1. e4 {[%emt 0:00:00]} g6 {[%emt 0:00:08]} 2. d4 {[%emt 0:00:00]} Bg7 {[%emt 0:00:02]} 3. c4 {[%emt 0:00:14]} c5 {[%emt 0:01:04]} 4. d5 {[%emt 0:00:18]} d6 {[%emt 0:00:23]} 5. Nc3 {[%emt 0:00:13]} Nf6 {[%emt 0:02:19]} 6. Be2 {[%emt 0:00:09]} O-O {[%emt 0:03:04]} 7. Be3 {[%emt 0:00:14]} a6 {[%emt 0:00:30] E73: King's Indian: Averbakh Variation without 6...c5} (7... e6 8. Nf3 exd5 9. cxd5 Bg4 10. Nd2 Bxe2 11. Qxe2 Re8 12. f3 Nbd7 13. a4 Qb6 14. Nc4 Qa6 15. Nb5 Ne5 16. Nbxd6 Nxc4 17. Nxc4 Nxd5 18. exd5 {½-½ (61) Buhmann,R (2584)-Fedorov,A (2573) Katowice 2017}) 8. a4 {[%emt 0:01:30]} e6 {[%emt 0:01:21]} 9. Nf3 {[%emt 0:00:11]} exd5 {[%emt 0:00:25]} 10. cxd5 {[%emt 0:00:13]} Ng4 {[%emt 0:08:09]} 11. Bg5 {[%emt 0:02:23]} Qb6 {[%emt 0:01:08]} 12. Qc2 {[%emt 0:03:43]} f5 {[%emt 0:02:34]} 13. a5 $146 {[%emt 0:02:10]} ({Predecessor:} 13. Nd2 Ne5 14. f4 Nf7 15. Bh4 Re8 {0-1 (40) Sanson Hernandez,M-Rodriguez,O corr 1994}) 13... Qc7 {[%emt 0:02:28]} 14. exf5 {[%emt 0:10:18]} Bxf5 {[%emt 0:00:09]} 15. Qd2 {[%emt 0:00:41]} Nd7 {[%emt 0:01:35]} 16. O-O {[%emt 0:01:30]} b5 {[%emt 0:13:59]} (16... Nde5 $11 {hält das Gleichgewicht.}) 17. axb6 $1 {[%emt 0:00:42]} Nxb6 {[%emt 0:02:12]} 18. Bf4 {[%emt 0:08:36]} Nf6 {[%emt 0:17:25]} 19. Ng5 {[%emt 0:09:40]} Nh5 {[%emt 0:10:32]} 20. Be3 {[%emt 0:07:13]} Nf6 {[%emt 0:03:15]} 21. h3 {[%emt 0:05:25]} Qb7 {[%emt 0:06:35]} 22. Bf4 {[%emt 0:05:02]} Nc8 {[%emt 0:02:01]} 23. Bf3 {[%emt 0:03:29]} Rb8 {[%emt 0:01:02]} 24. Ra2 {[%emt 0:02:53]} Re8 {[%emt 0:00:36]} 25. Ne6 {[%emt 0:02:37]} Bxe6 {[%emt 0:00:31]} 26. dxe6 {[%emt 0:00:08]} Qb3 {[%emt 0:00:06]} 27. Re1 {[%emt 0:01:41]} Kh8 {[%emt 0:08:15]} 28. Qe2 {[%emt 0:12:52]} ({Don't take} 28. Bxd6 Nxd6 29. Qxd6 Rb6 $16) 28... Rb4 {[%emt 0:01:20]} (28... Ng8 $142 29. Bd5 (29. Rxa6 Qxb2 30. Nd5 Qxe2 $18) 29... Qb6) 29. Ra3 {[%emt 0:02:57]} Qxb2 {[%emt 0:01:00]} 30. Qxb2 {[%emt 0:00:04]} Rxb2 {[%emt 0:00:01]} 31. Bc6 $18 {[%emt 0:00:51]} ({But not} 31. Rxa6 $6 Nh5 $16) 31... Re7 {[%emt 0:05:31]} 32. Rxa6 {[%emt 0:00:19]} Nh5 {[%emt 0:01:48]} 33. Nd5 {[%emt 0:00:43]} Bd4 {[%emt 0:01:27]} 34. Be3 {[%emt 0:11:49]} Kg7 {[%emt 0:00:25]} 35. Ra8 {[%emt 0:01:05]} Nb6 {[%emt 0:01:58]} 36. Nxe7 {[%emt 0:00:11]} Nxa8 {[%emt 0:00:02]} 37. Bxa8 {[%emt 0:00:45]} Bxe3 {[%emt 0:01:06]} 38. Rxe3 {[%emt 0:00:10]} Rb8 {[%emt 0:00:26]} 39. Bc6 {[%emt 0:00:41]} Nf6 {[%emt 0:01:05]} 40. Nd5 {[%emt 0:00:00]} Nxd5 {[%emt 0:00:00]} 41. Bxd5 {[%emt 0:00:13]} Kf6 {[%emt 0:00:39]} 42. Kf1 {[%emt 0:01:53]} Ke7 {[%emt 0:00:18]} 43. Rf3 {[%emt 0:00:24]} Rc8 {[%emt 0:00:11]} 44. Rf7+ {[%emt 0:00:10]} Ke8 {[%emt 0:00:05]} 45. Rxh7 {[%emt 0:00:03]} 1-0

[Event "13th Poti Nana Aleksandria Cup"]
[Site "Poti"]
[Date "2018.07.17"]
[Round "6"]
[White "Eynullayev, Atilla"]
[Black "Janiashvili, Mariami"]
[Result "1-0"]
[WhiteElo "2120"]
[BlackElo "1988"]
[Annotator "TA"]
[PlyCount "117"]
[EventDate "2018.07.13"]
[EventType "swiss"]
[EventCountry "GEO"]
[SourceTitle "playchess.com"]
[Source "ChessBase"]
[SourceQuality "1"]

{[%evp 13,117,29,42,9,22,4,14,-6,-9,-54,-44,-63,-52,-65,-71,-78,-61,-119,-42,-44,-38,-61,-50,-70,-67,-62,-60,-90,-87,-86,-66,-85,27,30,28,-23,0,0,0,0,0,0,0,-64,-64,-71,-71,-73,-71,-70,0,-8,0,-72,0,-70,0,-27,0,0,0,0,0,0,0,-113,-118,-195,40,40,42,43,39,39,40,42,41,40,39,19,18,5,8,0,0,0,0,0,29958,29955,29967,29970,29972,29964,29973,29975,29975,29974,29975,29975,29975,29976,29976,29975,29974,29973]} 1. d4 d6 2. c4 g6 3. Nc3 Bg7 4. e4 e5 5. d5 Nd7 6. Be2 a5 7. h4 {A42: Modern Defence: Averbakh Variation} h5 {LiveBook: 6 Games} 8. Nh3 Bh6 $146 ({Predecessor:} 8... Nc5 9. Bg5 f6 10. Be3 Bh6 11. Qd2 Bxe3 12. Qxe3 Nh6 13. O-O-O Qe7 14. g3 Bd7 {½-½ (35) Nikolac,J (2495)-Hausner,I (2435) Germany 1988}) 9. Ng5 {The position is equal.} Nc5 10. Bd2 Bd7 11. f4 exf4 12. Bxf4 Qe7 13. Qd4 f6 14. Bd2 O-O-O 15. Nf3 ({White should play} 15. Nh3 $1 $15) 15... Bxd2+ (15... Bg7 $1 $17 16. O-O f5) 16. Nxd2 Nh6 {[%cal Bg8h6,Bh6f7,Bf7e5][%mdl 32]} 17. O-O-O Nf7 18. b3 Ne5 19. a3 Bg4 20. Bxg4+ hxg4 21. Kc2 f5 (21... b6 {is more complex.} 22. Rdf1 Kb7 23. Ne2 Rdf8 24. Qe3 Ned3) 22. b4 Nxe4 (22... axb4 $1 $17 23. axb4 Na6) 23. Ndxe4 $11 fxe4 24. Qxe4 (24. bxa5 $142 Rdf8 25. Qa7) 24... axb4 25. axb4 Rxh4 26. Kb3 Rdh8 27. Rxh4 Rxh4 28. Ra1 (28. Qe3 $11) 28... g3 $15 29. Ra8+ Kd7 30. Qe3 Nxc4 31. Qxg3 Ne5 (31... Qf6 $1 $15 32. Rf8 Qxf8 33. Qxh4 Ne5 34. Qh3+ Qf5 35. Qh7+ Qf7 36. Qh3+ Kd8 37. Qh8+ Qe8) 32. Qe3 $11 Nc4 (32... c5 $11 33. bxc5 dxc5) 33. Qg3 $17 Ne5 34. Qe3 {Strongly threatening Qa7.} Nc4 ({Better is} 34... c5 $15 35. bxc5 dxc5) 35. Qd3 Qf6 36. g3 Rd4 $1 {[%cal Rd4d3]} 37. Qe2 {[%csl Ga8][%cal Re2e8]} Qe5 {aiming for ...Nd2+.} 38. Qh2 {White wants to mate with Qh7+.} Nd2+ 39. Ka2 (39. Kb2 $1 $11 {was the only way to keep the balance.} Nc4+ 40. Kb3 Nd2+ 41. Kb2 Nc4+ 42. Kb3) 39... Qh5 $1 {[%cal Rh5h2]} ({Inferior is} 39... Rxd5 40. Qh7+ Kc6 41. Rc8 $16) 40. Qf2 {[#]} (40. Qxh5 $17 gxh5 41. Rg8) 40... Nf3 $2 (40... Qf5 $1 $19 {[%cal Rf5c2][%mdl 512] ( -> ...Qc2+)} 41. Qxf5+ gxf5) 41. Qe3 $14 {[%csl Ga8][%cal Re3e8]} Rd2+ $1 42. Ka1 {[%csl Ga8][%cal Re3e8]} ({Don't blunder} 42. Ka3 $2 Ne5 $19) 42... Qe5 43. Qxf3 $40 {[%mdl 128] And now Qf7+ would win. White has some attack.} Qe1+ 44. Nb1 {White threatens Qg4+ and mate.} Qe5+ 45. Qc3 {Threatens to win with Qxe5.} Rxd5 46. Qxe5 (46. Rg8 {looks sharper.} Qxc3+ 47. Nxc3 Rd3 48. Kb2 Rxg3 49. b5) 46... Rxe5 {[%mdl 4096] Endgame KRN-KR} 47. Ra2 Re3 48. Ra3 Rxa3+ 49. Nxa3 $11 {KN-KP} Ke6 50. Kb2 Kf5 $2 {[%mdl 8192]} (50... c6 $11) 51. Nb5 {White mates.} Kg4 52. Nxc7 Kxg3 {KN-K3P} 53. Ne8 d5 {[#]} 54. Kc3 $1 {[%cal Rc3d4]} Kf4 55. Kd4 g5 56. Nf6 Kf5 57. Nxd5 Ke6 58. Ne3 Kd6 59. b5 {Precision: White = 49%, Black = 48%.} 1-0

[Event "13th Poti Nana Aleksandria Cup"]
[Site "Poti"]
[Date "2018.07.17"]
[Round "6"]
[White "Mustafayev, Farid"]
[Black "Sindarov, Javokhir"]
[Result "0-1"]
[WhiteElo "2068"]
[BlackElo "2474"]
[Annotator "TA"]
[PlyCount "80"]
[EventDate "2018.07.13"]
[EventType "swiss"]
[EventCountry "GEO"]
[SourceTitle "playchess.com"]
[Source "ChessBase"]
[SourceQuality "1"]

{[%evp 23,80,0,2,-39,-19,-18,0,-80,-65,-89,-60,-58,-29,-33,0,0,0,-231,-232,-241,-233,-503,-512,-474,-482,-693,-760,-765,-747,-761,-739,-651,-646,-729,-629,-608,-420,-745,-727,-1027,-532,-530,-512,-517,-511,-493,-450,-482,-467,-952,-945,-1814,-1632,-1864,-1712,-29979,-29980,-29967,-10468]} 1. d4 d5 2. c4 dxc4 3. Nf3 c6 4. g3 b5 5. Bg2 Bb7 6. O-O Nf6 7. Ne5 e6 8. Nc3 Nd5 {E04: Open Catalan: 5 Nf3} 9. e4 Nxc3 10. bxc3 Nd7 11. Bf4 Be7 12. Qg4 g6 {LiveBook: 3 Games} 13. Rab1 $146 ({Predecessor:} 13. Bh6 Bf8 14. Bxf8 Rxf8 15. Nf3 Qf6 {1-0 (44) Sokolov,I (2696)-Lim,Y (2287) Istanbul 2012}) 13... Nxe5 14. Bxe5 O-O 15. Bh3 (15. h4 $11) 15... a6 16. Rbd1 Bd6 17. Qf4 Bxe5 (17... Bb8 {looks sharper.} 18. Bg2 a5 19. Rfe1 b4 20. Bf1 Ba6) 18. dxe5 Qa5 19. Rd7 {Hoping for Bxe6.} Bc8 $36 {[%mdl 2048] Black has the initiative.} 20. Re7 $2 {[#]} (20. Rd6 $1 $11 {and White has nothing to worry.}) 20... b4 $1 $19 ({Not} 20... Qxa2 21. Rd1 $14) 21. cxb4 Qxb4 22. Qf6 $2 (22. Qg5 {was worth a try.} c3 23. Rc7) 22... c3 {[%cal Bc4c3,Bc3c2][%mdl 32]} 23. Rc7 c2 24. Rc1 (24. Qf4 $142 Qb6 25. Rxc8 Raxc8 26. Qd2) 24... Qc3 25. Kg2 Rb8 26. Qf3 Qc4 27. Bg4 Rb1 28. Qe3 Rxc1 29. Qxc1 Qc5 30. h4 (30. Be2 $142 a5 31. Bd3) 30... Qb6 31. Rxc8 Rxc8 32. Qxc2 {[%mdl 4096] Endgame KQR-KQB} c5 {[%cal Bc6c5,Bc5c4,Bc4c3,Bc3c2][%mdl 32]} 33. Qc4 Rd8 34. h5 a5 35. h6 Qb4 36. Qe2 (36. Qa6 $142 Qxe4+ 37. Bf3 Qxe5 38. Qb6) 36... c4 37. a3 Qc5 38. Qb2 c3 39. Qb7 c2 40. Bxe6 Rf8 {Precision: White = 35%, Black = 84%.} 0-1

[Event "13th Poti Nana Aleksandria Cup"]
[Site "Poti"]
[Date "2018.07.17"]
[Round "6"]
[White "Avetisyan, Mariam"]
[Black "Kokaia, Guram"]
[Result "1/2-1/2"]
[WhiteElo "2051"]
[BlackElo "2159"]
[Annotator "ChessBase"]
[PlyCount "60"]
[EventDate "2018.07.13"]
[EventType "swiss"]
[EventCountry "GEO"]
[SourceTitle "playchess.com"]
[Source "ChessBase"]
[SourceQuality "1"]
[TimeControl "40/5400+30:1800+30"]

1. e4 {[%emt 0:00:00]} c5 {[%emt 0:04:32]} 2. Ne2 {[%emt 0:00:00]} g6 {[%emt 0:00:20]} 3. g3 {[%emt 0:00:00]} Bg7 {[%emt 0:00:08]} 4. Bg2 {[%emt 0:00:00]} Nc6 {[%emt 0:00:23]} 5. c3 {[%emt 0:00:00]} e5 {[%emt 0:00:36]} 6. O-O {[%emt 0:00:25]} Nge7 {[%emt 0:00:16]} 7. d3 {[%emt 0:01:31]} O-O {[%emt 0:04:31]} 8. Be3 {[%emt 0:00:23]} d6 {[%emt 0:00:18]} 9. Nd2 {[%emt 0:09:29]} Be6 {[%emt 0:08:09]} 10. f4 {[%emt 0:01:17]} Qd7 {[%emt 0:03:05]} 11. Nf3 {[%emt 0:05:00]} Rac8 {[%emt 0:14:48]} 12. Qd2 {[%emt 0:13:07]} f6 {[%emt 0:03:13]} 13. Rfd1 {[%emt 0:17:58]} Rfd8 {[%emt 0:03:00]} 14. Qe1 {[%emt 0:09:05]} a5 {[%emt 0:02:27]} 15. d4 {[%emt 0:03:18]} cxd4 {[%emt 0:02:14]} 16. cxd4 {[%emt 0:00:02]} exf4 {[%emt 0:03:26]} 17. Bxf4 {[%emt 0:01:37]} d5 {[%emt 0:02:36]} 18. e5 {[%emt 0:11:05]} fxe5 {[%emt 0:05:46]} 19. Nxe5 {[%emt 0:00:19]} Nxe5 {[%emt 0:00:10]} 20. Bxe5 {[%emt 0:00:07]} Nc6 {[%emt 0:03:57]} 21. Bxg7 {[%emt 0:02:44]} Qxg7 {[%emt 0:00:09]} 22. Nf4 {[%emt 0:00:59]} Bf7 {[%emt 0:01:33]} 23. Ne6 {[%emt 0:03:54]} Bxe6 {[%emt 0:01:00]} 24. Qxe6+ {[%emt 0:00:03]} Kh8 {[%emt 0:00:15]} 25. Rac1 {[%emt 0:00:42]} Rc7 {[%emt 0:04:03]} 26. Qg4 {[%emt 0:02:04]} Rf7 {[%emt 0:03:34]} 27. Rc3 {[%emt 0:03:43]} Rf5 {[%emt 0:00:57]} 28. Rf3 {[%emt 0:01:39]} Rxf3 {[%emt 0:04:00]} 29. Bxf3 {[%emt 0:00:05]} Qf6 {[%emt 0:01:41]} 30. Bg2 {[%emt 0:00:27]} h5 {[%emt 0:07:00]} 1/2-1/2

[Event "13th Poti Nana Aleksandria Cup"]
[Site "Poti"]
[Date "2018.07.17"]
[Round "6"]
[White "Mnatsakanian, Arsen"]
[Black "Harutjunyan, Gevorg"]
[Result "0-1"]
[WhiteElo "2047"]
[BlackElo "2418"]
[Annotator "TA"]
[PlyCount "66"]
[EventDate "2018.07.13"]
[EventType "swiss"]
[EventCountry "GEO"]
[SourceTitle "playchess.com"]
[Source "ChessBase"]
[SourceQuality "1"]

{[%evp 19,66,0,0,-9,-3,-40,-25,-56,-64,-143,-125,-207,-208,-208,-213,-305,-250,-262,-225,-299,-286,-276,-172,-203,-196,-363,-291,-407,-404,-407,-404,-775,-429,-431,-390,-557,-557,-712,-745,-740,-695,-882,-881,-870,-866,-29990,-1504,-1488,-1471]} 1. e4 c6 2. d4 d5 3. Nc3 dxe4 4. Nxe4 Nf6 5. Nxf6+ exf6 6. Nf3 Bd6 7. h3 {B15: Caro-Kann: 3 Nc3: 3...g6 and 3...dxe4 4 Nxe4 Nf6 5 Nxf6+ exf6} (7. Be2 O-O 8. O-O Re8 9. c4 Nd7 10. Bd3 Nf8 11. h3 Ng6 12. Qc2 Qa5 13. c5 Bb8 14. Bd2 Qd8 15. Rfe1 Be6 16. Bc4 Nf8 {0-1 (47) Nepomniachtchi,I (2767)-Carlsen,M (2840) Doha 2016}) 7... O-O 8. Be2 Re8 9. O-O Nd7 10. Bd3 Nf8 {LiveBook: 6 Games} 11. c3 Be6 {[%cal Bc8e6,Be6d5,Bd5c6][%mdl 32]} 12. Nd2 $146 ({Predecessor:} 12. Kh1 Qd7 13. Ng1 Rad8 14. Be3 Bc7 {0-1 (22) Szenczy,S (1885)-Kende,G (2106) Hunagry 2015}) 12... Bc7 13. f4 {[#]} c5 $1 {[%mdl 512]} 14. f5 (14. Nf3 $15) (14. dxc5 Qxd3) 14... Bd5 $17 15. Nc4 (15. Nf3 $17) 15... cxd4 $19 16. cxd4 Bc6 17. Be2 (17. Qg4 {is the only way for White.} h5 18. Qh4) 17... Qd5 $40 {[%csl Gc6][%cal Rd5g2][%mdl 128] Black attacks with force.} 18. Rf3 Rad8 19. Bf1 b5 ({Don't take} 19... Qxd4+ 20. Qxd4 Rxd4 21. Re3 $19) 20. Na3 Re4 21. Nc2 Qd6 {...Qh2+ is the strong threat.} 22. Kf2 $2 (22. g3 {was forced.}) 22... Ree8 23. Rd3 Be4 24. g3 Qd7 25. Rf3 (25. Kg1 $142) 25... Bxf5 26. Be3 Be4 27. a4 (27. Rc1 $142) 27... bxa4 28. Nb4 Bxf3 29. Qxf3 Bb6 {aiming for ...Rxe3.} 30. Nc6 {[#]} Rxe3 $1 31. Kxe3 Bxd4+ 32. Ke2 Re8+ (32... Qe6+ $142 33. Kd3 Qb3+ 34. Ke2 Qxb2+ 35. Kd3 Qc3+ 36. Ke2 Re8+ 37. Ne7+ Rxe7+ 38. Qe3 Rxe3+ 39. Kf2 Rxg3+ 40. Ke2 Qc2+ 41. Ke1 Bf2#) 33. Kd2 Bxb2+ {Precision: White = 24%, Black = 62%.} 0-1

[Event "13th Poti Nana Aleksandria Cup"]
[Site "Poti"]
[Date "2018.07.17"]
[Round "6"]
[White "Shanya Mishra"]
[Black "Samadov, Read"]
[Result "1-0"]
[WhiteElo "1980"]
[BlackElo "2037"]
[Annotator "NA RC"]
[PlyCount "95"]
[EventDate "2018.07.13"]
[EventType "swiss"]
[EventCountry "GEO"]
[SourceTitle "playchess.com"]
[Source "ChessBase"]
[SourceQuality "1"]
[TimeControl "40/5400+30:1800+30"]

1. d4 {[%emt 0:02:20]} d5 {[%emt 0:00:00]} 2. c4 {[%emt 0:00:19]} c6 {[%emt 0:00:00]} 3. Nf3 {[%emt 0:00:21]} Nf6 {[%emt 0:00:00]} 4. e3 {[%emt 0:00:44]} e6 {[%emt 0:00:00]} 5. Nc3 {[%emt 0:01:03]} Nbd7 {[%emt 0:00:03]} 6. Bd3 {[%emt 0:01:04]} dxc4 {[%emt 0:00:11]} 7. Bxc4 {[%emt 0:00:37]} b5 {[%emt 0:00:10]} 8. Bd3 {[%emt 0:00:43]} Bd6 {[%emt 0:00:18]} 9. O-O {[%emt 0:01:15] D47: Semi-Slav: Meran System} Bb7 {[%emt 0:00:26]} 10. a3 {[%emt 0:03:50]} a5 {[%emt 0:07:52]} 11. Qe2 $146 {[%emt 0:05:16]} ({Predecessor:} 11. e4 e5 12. dxe5 Nxe5 13. Nxe5 Bxe5 14. Be3 O-O 15. h3 Re8 16. Qc2 Qe7 17. Ne2 Rad8 {½-½ (47) Fressinet,L (2656)-Galkin,A (2606) Plovdiv 2008}) 11... b4 {[%emt 0:08:55]} 12. Nb1 {[%emt 0:02:15]} c5 {[%emt 0:09:56]} 13. Nbd2 $1 {[%emt 0:06:12]} cxd4 {[%emt 0:05:10]} 14. Nc4 {[%emt 0:03:48]} Bb8 {[%emt 0:05:03]} 15. exd4 {[%emt 0:02:23]} O-O {[%emt 0:11:42]} 16. Bg5 {[%emt 0:03:19]} Qc7 {[%emt 0:07:45]} 17. Nce5 {[%emt 0:01:46]} Nxe5 {[%emt 0:03:16]} 18. Nxe5 {[%emt 0:01:23]} Nd5 {[%emt 0:02:18]} 19. Rfc1 {[%emt 0:04:26]} Qd6 {[%emt 0:02:24]} 20. Qh5 {[%emt 0:01:52]} f5 {[%emt 0:02:17]} 21. Bc4 {[%emt 0:05:02]} Ba7 {[%emt 0:02:21]} 22. Rd1 {[%emt 0:04:50]} Nf6 {[%emt 0:11:04]} (22... bxa3 $1 $11 23. bxa3 (23. Rxa3 Bxd4 24. Rh3 Qxe5 $11) 23... Bxd4 24. Rxd4 Qxe5) 23. Qh4 {[%emt 0:01:14]} bxa3 {[%emt 0:06:45]} 24. Rxa3 {[%emt 0:01:57]} Rad8 {[%emt 0:00:37]} 25. Rxa5 {[%emt 0:03:33]} Bb6 {[%emt 0:01:46]} 26. Raa1 {[%emt 0:03:12]} Be4 {[%emt 0:02:52]} 27. Bf4 {[%emt 0:03:57]} Qe7 {[%emt 0:01:00]} 28. Be3 {[%emt 0:02:55]} Rd6 {[%emt 0:00:51]} 29. Ba2 {[%emt 0:05:57]} Ba7 {[%emt 0:02:00]} (29... Bd8 $14) 30. f3 {[%emt 0:06:06]} Ba8 {[%emt 0:00:55]} 31. Nd3 {[%emt 0:04:23]} ({Besser ist} 31. Qg5 $16) 31... Qd7 {[%emt 0:01:45]} 32. Nf4 {[%emt 0:02:26]} Nd5 {[%emt 0:00:59]} 33. Bxd5 {[%emt 0:06:59]} Bxd5 {[%emt 0:00:11]} 34. Nd3 {[%emt 0:01:53]} Bb8 {[%emt 0:01:31]} 35. Bf4 {[%emt 0:01:20]} Rb6 {[%emt 0:00:14]} 36. Nc5 {[%emt 0:02:14]} Qf7 {[%emt 0:01:02]} 37. Bxb8 {[%emt 0:00:11]} Rfxb8 {[%emt 0:00:14]} 38. Nd3 {[%emt 0:00:28]} Bb3 {[%emt 0:02:51]} 39. Rdc1 {[%emt 0:00:26]} Rd6 {[%emt 0:01:04]} 40. Ne5 {[%emt 0:00:00]} Qb7 {[%emt 0:00:00]} 41. Rc5 $18 {[%emt 0:08:02]} Rd5 {[%emt 0:17:43]} 42. Rac1 {[%emt 0:03:58]} Rxc5 {[%emt 0:01:26]} 43. dxc5 {[%emt 0:00:12]} Qd5 {[%emt 0:04:32]} 44. Qf4 {[%emt 0:01:23]} Rb5 {[%emt 0:03:03]} 45. c6 {[%emt 0:02:14]} Qd8 {[%emt 0:00:54]} 46. c7 {[%emt 0:00:40]} Qc8 {[%emt 0:00:07]} 47. Nc6 {[%emt 0:01:25]} Kf7 {[%emt 0:00:10]} 48. Na7 {[%emt 0:01:07]} 1-0